Statistics for Political Parties in the House of Commons

Click here to take the quiz!

General Stats

  • This quiz has been taken 68 times
  • The average score is 7 of 11

Answer Stats

Answer% Correct
Conservative Party
100%
Labour Party
98%
Scottish National Party
84%
Green Party
82%
Liberal Democrats
81%
Sinn Féin
66%
Plaid Cymru
65%
Democratic Unionist Party
60%
Alliance Party
44%
Social Democratic and Labour Party
44%
Alba Party
21%

Score Distribution

Percentile by Number Answered

Percent of People with Each Score

Your Score History

You have not taken this quiz